Normal view
MARC view
- Rosling, Ola, Rönnlund, Anna Rosling
Entry Corporate Name
001 - CONTROL NUMBER
- control field: 98843
003 - CONTROL NUMBER IDENTIFIER
- control field: NUST
005 - DATE AND TIME OF LATEST TRANSACTION
- control field: 20220908102405.0
008 - FIXED-LENGTH DATA ELEMENTS
- fixed length control field: 220908|| aca||aabn | a|a d
040 ## - CATALOGING SOURCE
- Original cataloging agency: NUST
- Transcribing agency: NUST
110 ## - HEADING--CORPORATE NAME
- Corporate name or jurisdiction name as entry element: Rosling, Ola, Rönnlund, Anna Rosling
670 ## - SOURCE DATA FOUND
- Source citation: Work cat.: (NUST): Rosling, Hans: 89902, Factfulness : , 2018.
